Dopasuj imię do nazwiska - polscy aktorzy - Statystyki

Ogólne statystyki
  • Ten quiz został rozwiązany 78 razy
  • Średni wynik to 13 z 20
Statystyki odpowiedzi
Hint Odpowiedź % Poprawnych
Borys Szyc
98%
Bogusław Linda
93%
Artur Barciś
88%
Daniel Olbrychski
88%
Witold Pyrkosz
87%
Cezary Żak
87%
Marcin Dorociński
85%
Janusz Gajos
82%
Franciszek Pieczka
75%
Marek Perepeczko
70%
Emil Karewicz
63%
Zbigniew Buczkowski
62%
Władysław Hańcza
60%
Wojciech Pokora
58%
Bogumił Kobiela
50%
Zdzisław Maklakiewicz
42%
Edward Żentara
40%
Mariusz Dmochowski
37%
Tadeusz Fijewski
37%
Ignacy Gogolewski
37%
Nie znaleziono quizów pasujących do podanych kryteriów
Rozkład punktacji
Procent ludzi z każdym wynikiem
Percentyl według liczby udzielonych odpowiedzi
Twoja historia wyników
Nie rozwiązałeś tego quizu